Notas sobre mesostigmata neotropicales V, algunos datos sobre la distribución y huespedes de los spinturnicidae de Colombia (<Acarina, Mesostigmata, Spinturnicidae>) (Registro nro. 14687)

Detalles MARC
000 -CABECERA
Campo de control 004520000a22001210004500
090 ## - CLASIFICACIÓN LOCAL
Colección AS
Consecutivo Seriadas
041 0# - IDIOMA
Código de idioma para texto/pista de sonido o título separado
100 1# - ASIENTO PRINCIPAL--NOMBRE PERSONAL
Nombre personal Machado Allison, C. E.
245 10 - MENCION DE TITULO
Título Notas sobre mesostigmata neotropicales V, algunos datos sobre la distribución y huespedes de los spinturnicidae de Colombia (<Acarina, Mesostigmata, Spinturnicidae>)
700 1# - ASIENTO SECUNDARIO - NOMBRE PERSONAL
Nombre personal Antequera, R.
773 1# - Item fuente:
Título Caldasia
Especificación de materiales 45
Descripción física 48
Paginas del Articulo 371-376
Lugar, editorial y fecha de publicación 1969
Información sobre la relación 10
942 ## - ELEMENTOS ADICIONALES (KOHA)
Tipo de ítem Artículo

No hay ítems disponibles.